Tous les personnages de Raiponce - Statistiques

Statistiques générales
  • Ce quiz a été pris 510 fois
  • Le résultat moyen est 7 sur 19
Statistiques - réponses
Réponse % Correct
Raiponce
100%
Pascal
86%
Mère Gothel
83%
Maximus
82%
Flynn Rider
76%
Reine de Corona
52%
Roi de Corona
52%
Vladimir
52%
Ulf
44%
Les frères stabbington
20%
Gunther
10%
La main froide
9%
Capitaine de la Garde
6%
Tor
6%
L'amoureux
5%
Attila
4%
Le satyre
3%
Bruiser
2%
Greno
2%
Aucun quiz correspondant
Distribution des résultats
% des personnes avec chaque résultat
Percentile par nombre de réponses
Votre historique - résultats
Vous n’avez pas pris ce quiz